Groups and representations
Uloženo v:
| Hlavní autoři: | , |
|---|---|
| Médium: | Kniha |
| Jazyk: | angličtina |
| Vydáno: |
Nueva York
Springer
1995
|
| Edice: | Graduate Texts in Mathematics, 162
|
| Témata: | |
| Tagy: |
Přidat tag
Žádné tagy, Buďte první, kdo vytvoří štítek k tomuto záznamu!
|
MARC
| LEADER | 00000nam a2200000 a 4500 | ||
|---|---|---|---|
| 001 | UCQ4193 | ||
| 003 | CL-VaPUC | ||
| 008 | 980904e19950000US |||||||||||||||||eng|d | ||
| 082 | 0 | 4 | |a 512.2 |b ALP |2 21 |
| 100 | 0 | |a Alperin, J. L |e author |9 418453 | |
| 700 | 0 | |a Bell, Rowen B |e author |9 418454 | |
| 245 | 1 | 0 | |a Groups and representations |
| 300 | |a 194 p | ||
| 942 | |c BK | ||
| 945 | |d 19980904 00:00:00 |a mvenant | ||
| 260 | |a Nueva York |b Springer |c 1995 | ||
| 650 | 0 | |a Representaciones de grupos |9 417402 | |
| 650 | 0 | |a Teoría de grupos |9 270028 | |
| 650 | 0 | |a Matemática |9 260235 | |
| 650 | 0 | |a Grupos finitos |9 270201 | |
| 650 | 0 | |a Álgebra |9 259567 | |
| 583 | |a last modification |c 19980904 00:00:00 |k Rodrigo Vera | ||
| 490 | 0 | |a Graduate Texts in Mathematics, 162 | |
| 999 | |c 274619 |d 274617 | ||
| 952 | |0 0 |1 0 |4 0 |6 512_200000000000000_ALP_1995 |7 0 |8 A |9 310891 |a BIBMAT |b BIBMAT |d 2019-11-20 |i 3459152 |o 512.2 ALP 1995 |p 3459152 |r 2025-01-07 |w 2019-11-20 |y BK |k MAT | ||